[Event "Manchester (Women)"]
[Site "Manchester"]
[Date "2015.11.23"]
[Round "9"]
[White "Gorti, Akshita"]
[Black "Tilenbaeva, Janyl"]
[Result "1-0"]
[WhiteElo "2186"]
[BlackElo "2018"]
[PlyCount "65"]
[EventDate "2015.11.19"]
[EventType "tourn"]
[EventRounds "10"]
[EventCountry "USA"]
[SourceTitle "CBM 169 Extra"]
[Source "ChessBase"]
[SourceDate "2015.12.18"]
[SourceVersion "1"]
[SourceVersionDate "2015.12.18"]
[SourceQuality "1"]

1. d4 d5 2. c4 e6 3. Nf3 Nf6 4. Nc3 Be7 5. Bf4 c6 6. e3 0-0 7. Bd3 Nbd7 8. 0-0 a6 9. b3 b5 10. Qc2 bxc4 11. bxc4 a5 12. Ne5 Nxe5 13. dxe5 Nh5 14. Bxh7+ Kh8 15. Bd3 dxc4 16. Bxc4 Ba6 17. Bxa6 Rxa6 18. Qe2 Nxf4 19. Qxa6 Bb4 20. exf4 Bxc3 21. Rac1 Bd2 22. Rfd1 Bxc1 23. Rxd8 Rxd8 24. g3 Bd2 25. Qxc6 Bb4 26. Qc7 Rf8 27. Kg2 g6 28. Kf3 Kg7 29. Ke4 Be1 30. a3 Rh8 31. h4 Bxf2 32. Kf3 Be1 33. Qc1 1-0

[Event "Los Angeles Reader Memorial"]
[Site "Los Angeles"]
[Date "2011.05.15"]
[Round "9"]
[White "Atoufi, Pedram"]
[Black "Tilenbaeva, Janyl"]
[Result "1-0"]
[WhiteElo "2281"]
[BlackElo "2070"]
[PlyCount "55"]
[EventDate "2011.05.11"]
[EventType "tourn"]
[EventRounds "9"]
[EventCountry "USA"]
[SourceTitle "CBM 142 Extra"]
[Source "ChessBase"]
[SourceDate "2011.06.27"]
[SourceVersion "1"]
[SourceVersionDate "2011.06.27"]
[SourceQuality "1"]

1. e4 c6 2. d4 d5 3. f3 e6 4. Nc3 Nf6 5. e5 Ng8 6. f4 Ne7 7. Nf3 c5 8. Be3 Nf5 9. Bf2 cxd4 10. Nxd4 Nxd4 11. Bxd4 Nc6 12. a3 Nxd4 13. Qxd4 Bd7 14. Bd3 Rc8 15. b4 a5 16. 0-0 g6 17. Nxd5 Be7 18. Nxe7 Qxe7 19. f5 gxf5 20. Bxf5 Rg8 21. Bxh7 Rh8 22. Qg4 f5 23. Bg6+ Kf8 24. Rad1 Rxc2 25. Bxf5 exf5 26. Rxf5+ Bxf5 27. Qxf5+ Ke8 28. Qg6+ 1-0

[Event "Los Angeles Reader Memorial"]
[Site "Los Angeles"]
[Date "2011.05.14"]
[Round "6"]
[White "Tilenbaeva, Janyl"]
[Black "Troff, Kayden W"]
[Result "0-1"]
[WhiteElo "2070"]
[BlackElo "2255"]
[PlyCount "58"]
[EventDate "2011.05.11"]
[EventType "tourn"]
[EventRounds "9"]
[EventCountry "USA"]
[SourceTitle "CBM 142 Extra"]
[Source "ChessBase"]
[SourceDate "2011.06.27"]
[SourceVersion "1"]
[SourceVersionDate "2011.06.27"]
[SourceQuality "1"]

1. e4 c5 2. Nf3 g6 3. d4 cxd4 4. Qxd4 Nf6 5. e5 Nc6 6. Qc3 Nd5 7. Qb3 Nc7 8. Bc4 Ne6 9. Bd2 Bg7 10. 0-0 Nxe5 11. Nxe5 Bxe5 12. f4 Bg7 13. f5 gxf5 14. Rxf5 Qb6+ 15. Qxb6 axb6 16. Nc3 d6 17. Raf1 Rf8 18. Rh5 h6 19. Nd5 Bd7 20. Rh4 b5 21. Bb3 Bc6 22. Rg4 Bxb2 23. Bxh6 Rh8 24. Be3 Ra3 25. Bc1 Bxc1 26. Rxc1 Rxb3 27. cxb3 Bxd5 28. Rc8+ Nd8 29. a4 Be6 0-1

[Event "Los Angeles Reader Memorial"]
[Site "Los Angeles"]
[Date "2011.05.12"]
[Round "3"]
[White "Taylor, Timothy"]
[Black "Tilenbaeva, Janyl"]
[Result "1-0"]
[WhiteElo "2296"]
[BlackElo "2070"]
[PlyCount "57"]
[EventDate "2011.05.11"]
[EventType "tourn"]
[EventRounds "9"]
[EventCountry "USA"]
[SourceTitle "CBM 142 Extra"]
[Source "ChessBase"]
[SourceDate "2011.06.27"]
[SourceVersion "1"]
[SourceVersionDate "2011.06.27"]
[SourceQuality "1"]

1. e4 c6 2. d3 d5 3. Nd2 e5 4. Ngf3 Bd6 5. g3 Nf6 6. Bg2 Nbd7 7. 0-0 Nf8 8. exd5 cxd5 9. Nxe5 Bxe5 10. Re1 Ne6 11. Rxe5 0-0 12. c3 Nc5 13. Nb3 Nxb3 14. Qxb3 Re8 15. Rxe8+ Qxe8 16. Be3 Qd7 17. Bd4 Qf5 18. Bxf6 Qxf6 19. Qxd5 Rb8 20. Re1 Be6 21. Qe5 Qd8 22. d4 Bxa2 23. Qe7 Be6 24. Qxd8+ Rxd8 25. Bxb7 Rb8 26. Bc6 g6 27. d5 Bf5 28. b4 Kg7 29. Ra1 1-0

[Event "Olympiad Women-37"]
[Site "Turin"]
[Date "2006.06.03"]
[Round "12"]
[White "Tilenbaeva, Janyl"]
[Black "Nuritdinova, Elena"]
[Result "1-0"]
[WhiteElo "2051"]
[BlackElo "2087"]
[PlyCount "69"]
[EventDate "2006.05.21"]
[EventType "team-swiss"]
[EventRounds "13"]
[EventCountry "ITA"]
[SourceTitle "CBM 112 Extra"]
[Source "ChessBase"]
[SourceDate "2006.07.14"]
[SourceVersion "1"]
[SourceVersionDate "2006.07.14"]
[SourceQuality "1"]
[WhiteTeam "Kyrgyzstan (W)"]
[BlackTeam "Tajikistan (W)"]
[WhiteTeamCountry "KGZ"]
[BlackTeamCountry "TJK"]

1. e4 d6 2. d4 Nf6 3. Nc3 g6 4. Nf3 Bg7 5. Be2 0-0 6. h3 c6 7. Be3 Qc7 8. Qd2 Nbd7 9. g4 b5 10. a3 Nb6 11. Bh6 e5 12. Bxg7 Kxg7 13. g5 Nh5 14. d5 a6 15. dxc6 Be6 16. 0-0-0 Rfd8 17. Nd5 Qxc6 18. Nh4 Rac8 19. Bxh5 Nxd5 20. exd5 Bxd5 21. Bg4 Bxh1 22. f3 Bxf3 23. Nxf3 Rb8 24. Ne1 Qc4 25. Nd3 e4 26. Nb4 a5 27. Nd5 Re8 28. Qf2 Qc5 29. Qf6+ Kg8 30. Ne7+ Kf8 31. Rf1 Qc4 32. Be2 Qa2 33. c4 Qa1+ 34. Kc2 Qxf1 35. Bxf1 1-0

[Event "Olympiad Women-37"]
[Site "Turin"]
[Date "2006.05.29"]
[Round "8"]
[White "Berezina, Irina"]
[Black "Tilenbaeva, Janyl"]
[Result "0-1"]
[WhiteElo "2281"]
[BlackElo "2051"]
[PlyCount "90"]
[EventDate "2006.05.21"]
[EventType "team-swiss"]
[EventRounds "13"]
[EventCountry "ITA"]
[SourceTitle "CBM 112 Extra"]
[Source "ChessBase"]
[SourceDate "2006.07.14"]
[SourceVersion "1"]
[SourceVersionDate "2006.07.14"]
[SourceQuality "1"]
[WhiteTeam "Australia (W)"]
[BlackTeam "Kyrgyzstan (W)"]
[WhiteTeamCountry "AUS"]
[BlackTeamCountry "KGZ"]

1. d4 d5 2. c4 c6 3. Nf3 Nf6 4. Nc3 g6 5. Bg5 Bg7 6. e3 0-0 7. h3 Nbd7 8. cxd5 Nxd5 9. Be2 Qa5 10. Qd2 e5 11. Nxd5 Qxd5 12. dxe5 Qxd2+ 13. Nxd2 Nxe5 14. f4 Nd7 15. Rb1 Nb6 16. Kf2 Be6 17. b3 Nd5 18. Rbc1 Rae8 19. Ne4 f6 20. Bh4 g5 21. Bg3 gxf4 22. exf4 f5 23. Nd6 Bd4+ 24. Ke1 Re7 25. Nc4 Rg7 26. Bf2 Bxf2+ 27. Kxf2 Nxf4 28. Bf1 Bd5 29. Rg1 h5 30. g3 Ne6 31. Be2 f4 32. Bxh5 fxg3+ 33. Ke3 g2 34. Bg4 Ng5 35. Nd6 Nxh3 36. Bxh3 Rg3+ 37. Kd4 Rxh3 38. Ne4 Bxe4 39. Kxe4 Rf2 40. Ra1 Kf7 41. Kd4 Ke6 42. Ke4 Kf6 43. b4 Rb2 44. a3 Rc2 45. Kd4 b5 0-1

[Event "Asia-ch U18 Girls"]
[Site "Bishkek"]
[Date "2006.??.??"]
[Round "2"]
[White "Tilenbaeva, Janyl"]
[Black "Sivasankari, P."]
[Result "0-1"]
[WhiteElo "2078"]
[BlackElo "2068"]
[PlyCount "62"]
[EventDate "2006.09.02"]
[EventType "swiss"]
[EventRounds "9"]
[EventCountry "KGZ"]
[SourceTitle "EXT 2007"]
[Source "ChessBase"]
[SourceDate "2006.11.23"]
[SourceVersion "1"]
[SourceVersionDate "2006.11.23"]
[SourceQuality "1"]

1. e4 c5 2. Nf3 e6 3. c4 Nc6 4. Nc3 a6 5. Be2 Qc7 6. 0-0 Nf6 7. d4 cxd4 8. Nxd4 Be7 9. Be3 d6 10. a3 0-0 11. b4 Ne5 12. Rc1 b6 13. f4 Ned7 14. f5 Ne5 15. g4 h6 16. h4 Nh7 17. Qd2 Bxh4 18. fxe6 fxe6 19. Rxf8+ Nxf8 20. Rf1 Nxc4 21. Bxc4 Qxc4 22. Nd5 exd5 23. Rc1 Be1 24. Qxe1 Qd3 25. exd5 Bxg4 26. Qg3 Re8 27. Qe1 h5 28. Kf2 Re5 29. Nc6 Rf5+ 30. Kg1 Rf3 31. Ne7+ Kh7 0-1

[Event "Wch U20 Girls"]
[Site "Istanbul"]
[Date "2005.11.14"]
[Round "6"]
[White "Topel, Zehra"]
[Black "Tilenbaeva, Janyl"]
[Result "0-1"]
[WhiteElo "2105"]
[BlackElo "2019"]
[PlyCount "44"]
[EventDate "2005.11.09"]
[EventType "swiss"]
[EventRounds "13"]
[EventCountry "TUR"]
[SourceTitle "CBM 109 Extra"]
[Source "ChessBase"]
[SourceDate "2006.01.03"]
[SourceVersion "2"]
[SourceVersionDate "2006.01.03"]
[SourceQuality "1"]

1. d4 d5 2. c4 c6 3. Nc3 Nf6 4. Nf3 dxc4 5. a4 Bf5 6. e3 e6 7. Bxc4 Bb4 8. 0-0 0-0 9. h3 Nbd7 10. Nh4 Ne4 11. Nxf5 exf5 12. Nxe4 fxe4 13. Qc2 Qh4 14. a5 Bd6 15. b3 Nf6 16. Ba3 Rad8 17. Be2 Nd5 18. a6 Rfe8 19. Bxd6 Rxd6 20. axb7 Rg6 21. Kh2 Nxe3 22. g3 Qxh3+ 0-1

[Event "Wch U20 Girls"]
[Site "Istanbul"]
[Date "2005.11.11"]
[Round "3"]
[White "Meshcheriakova, Evgenia"]
[Black "Tilenbaeva, Janyl"]
[Result "1-0"]
[WhiteElo "2197"]
[BlackElo "2019"]
[PlyCount "73"]
[EventDate "2005.11.09"]
[EventType "swiss"]
[EventRounds "13"]
[EventCountry "TUR"]
[SourceTitle "CBM 109 Extra"]
[Source "ChessBase"]
[SourceDate "2006.01.03"]
[SourceVersion "2"]
[SourceVersionDate "2006.01.03"]
[SourceQuality "1"]

1. e4 c6 2. c4 d5 3. cxd5 cxd5 4. exd5 Nf6 5. Nc3 g6 6. Bc4 Bg7 7. Nf3 0-0 8. 0-0 a6 9. a4 Nbd7 10. d3 b6 11. Bf4 Nh5 12. Be3 Bb7 13. h3 Nhf6 14. Qb3 Rc8 15. Rac1 Nc5 16. Qa2 Qd6 17. b4 Ncd7 18. Qb3 Ne8 19. Ne4 Qb8 20. b5 a5 21. Nd4 Bxd4 22. Bxd4 Nd6 23. Rfe1 Rce8 24. Qb2 Qa8 25. Bg7 Bxd5 26. Bxf8 Rxf8 27. Qd4 Nxc4 28. dxc4 Bxe4 29. Rxe4 Nc5 30. Rxe7 Nxa4 31. Rce1 Nc5 32. h4 a4 33. h5 Qd8 34. Qf6 Qd2 35. hxg6 hxg6 36. R1e3 Qc1+ 37. Kh2 1-0

[Event "Olympiad Women-36"]
[Site "Mallorca"]
[Date "2004.10.28"]
[Round "13.2"]
[White "Tilenbaeva, Janyl"]
[Black "Thorsteinsdottir, Gudlaug"]
[Result "1/2-1/2"]
[WhiteElo "2080"]
[BlackElo "2130"]
[PlyCount "99"]
[EventDate "2004.10.15"]
[EventType "team-swiss"]
[EventRounds "14"]
[EventCountry "ESP"]
[SourceTitle "CBM 102 Extra"]
[Source "ChessBase"]
[SourceDate "2004.11.03"]
[SourceVersion "1"]
[SourceVersionDate "2004.11.03"]
[SourceQuality "1"]
[WhiteTeam "Kyrgyzstan (W)"]
[BlackTeam "Island (W)"]
[WhiteTeamCountry "KGZ"]
[BlackTeamCountry "ISL"]

1. e4 c5 2. Nf3 e6 3. d3 Nc6 4. Nbd2 g6 5. g3 Bg7 6. Bg2 d6 7. 0-0 Nge7 8. Re1 0-0 9. Nf1 Rb8 10. h4 e5 11. N3h2 f5 12. Bd2 f4 13. Qc1 Nd4 14. gxf4 exf4 15. Bxf4 Nxc2 16. Bxd6 Qxd6 17. Qxc2 Nc6 18. Red1 Nd4 19. Qd2 Qf6 20. Rac1 b6 21. Ne3 Qxh4 22. f3 Be5 23. Nef1 Bf4 24. Qf2 Qxf2+ 25. Kxf2 Bxc1 26. Rxc1 Ba6 27. Ke3 Rbd8 28. Rc3 h5 29. Bh3 g5 30. Ng3 h4 31. Nf5 Nxf5+ 32. Bxf5 Bc8 33. Bxc8 Rxc8 34. Rc1 Kg7 35. Rg1 Kg6 36. Rg4 Rcd8 37. Rg1 Rd7 38. Ng4 Re8 39. Nf2 Kh5 40. Ke2 Rf7 41. Nh3 Rg8 42. Rg4 Rfg7 43. Ke3 Re7 44. Ke2 b5 45. Ke3 Kh6 46. Rg1 Rc7 47. Nf2 Rf7 48. Nh3 Kg7 49. Nf2 Kh6 50. Ng4+ 1/2-1/2

[Event "Olympiad Women-36"]
[Site "Mallorca"]
[Date "2004.10.24"]
[Round "9.2"]
[White "Tilenbaeva, Janyl"]
[Black "Liyanagedara, LGA"]
[Result "1/2-1/2"]
[WhiteElo "2080"]
[BlackElo "2008"]
[PlyCount "76"]
[EventDate "2004.10.15"]
[EventType "team-swiss"]
[EventRounds "14"]
[EventCountry "ESP"]
[SourceTitle "CBM 102 Extra"]
[Source "ChessBase"]
[SourceDate "2004.11.03"]
[SourceVersion "1"]
[SourceVersionDate "2004.11.03"]
[SourceQuality "1"]
[WhiteTeam "Kyrgyzstan (W)"]
[BlackTeam "Sri Lanka (W)"]
[WhiteTeamCountry "KGZ"]
[BlackTeamCountry "SRI"]

1. e4 d6 2. d4 Nf6 3. Bd3 g6 4. Nf3 Bg7 5. 0-0 0-0 6. h3 b6 7. Be3 c5 8. c3 cxd4 9. cxd4 Bb7 10. Nc3 Nc6 11. Rc1 a6 12. Qd2 b5 13. Bh6 Qb6 14. Bxg7 Kxg7 15. e5 dxe5 16. dxe5 Ng8 17. Bb1 Rad8 18. Qg5 Nd4 19. Nxd4 Rxd4 20. Qe3 Qd8 21. Rfd1 Rxd1+ 22. Rxd1 Qa8 23. f3 Rd8 24. Rxd8 Qxd8 25. b4 f6 26. a3 Nh6 27. exf6+ exf6 28. Qa7 Qa8 29. Qc5 Qd8 30. Be4 Bxe4 31. Nxe4 Qd1+ 32. Kh2 Nf7 33. Qb6 f5 34. Nc5 Qd6+ 35. Qxd6 Nxd6 36. Kg3 Nc4 37. a4 bxa4 38. Nxa4 Kf6 1/2-1/2

[Event "Olympiad Women-36"]
[Site "Mallorca"]
[Date "2004.10.19"]
[Round "5.2"]
[White "Pintor, Ariana Maciel Abran"]
[Black "Tilenbaeva, Janyl"]
[Result "1-0"]
[WhiteElo "2058"]
[BlackElo "2080"]
[PlyCount "69"]
[EventDate "2004.10.15"]
[EventType "team-swiss"]
[EventRounds "14"]
[EventCountry "ESP"]
[SourceTitle "CBM 102 Extra"]
[Source "ChessBase"]
[SourceDate "2004.11.03"]
[SourceVersion "1"]
[SourceVersionDate "2004.11.03"]
[SourceQuality "1"]
[WhiteTeam "Portugal (W)"]
[BlackTeam "Kyrgyzstan (W)"]
[WhiteTeamCountry "POR"]
[BlackTeamCountry "KGZ"]

1. e4 c6 2. d4 d5 3. Nc3 dxe4 4. Nxe4 Bf5 5. Ng3 Bg6 6. h4 h6 7. Nf3 Nd7 8. h5 Bh7 9. Bd3 Bxd3 10. Qxd3 Qc7 11. Bd2 e6 12. 0-0-0 Ngf6 13. Kb1 0-0-0 14. Ne4 Nxe4 15. Qxe4 Nf6 16. Qe2 Bd6 17. c4 c5 18. Bc3 Rhe8 19. Ne5 cxd4 20. Bxd4 Bxe5 21. Bxe5 Qc6 22. Bxf6 gxf6 23. Qe3 Qxg2 24. Rdg1 Qc6 25. Qxh6 Qf3 26. Qe3 Qf5+ 27. Ka1 Rd3 28. Qxa7 Red8 29. h6 Qh7 30. Qa8+ Kc7 31. Qa4 Rd2 32. a3 Qe4 33. h7 Qe5 34. Qb4 R2d3 35. Rb1 1-0

[Event "Wch U16 Girls"]
[Site "Chalkidiki"]
[Date "2003.11.01"]
[Round "10"]
[White "Tilenbaeva, Janyl"]
[Black "Schoene, Maria"]
[Result "1/2-1/2"]
[WhiteElo "2099"]
[BlackElo "2035"]
[PlyCount "104"]
[EventDate "2003.10.23"]
[EventType "swiss"]
[EventRounds "11"]
[EventCountry "GRE"]
[SourceTitle "EXT 2004"]
[Source "ChessBase"]
[SourceDate "2003.11.25"]
[SourceVersion "1"]
[SourceVersionDate "2003.11.25"]
[SourceQuality "1"]

1. e4 c5 2. Nf3 d6 3. Bb5+ Bd7 4. Bxd7+ Qxd7 5. c4 e5 6. 0-0 Nc6 7. a3 g6 8. d3 Bg7 9. Bd2 Nge7 10. b4 b6 11. Nc3 0-0 12. Nd5 Nxd5 13. cxd5 Ne7 14. bxc5 bxc5 15. Rb1 Rab8 16. Qc2 Qc7 17. a4 h6 18. a5 a6 19. Qc4 Qa7 20. Bc3 Kh7 21. Nd2 f5 22. f3 Bf6 23. g3 Ng8 24. Kg2 Bg7 25. Qa4 Ne7 26. Nc4 Rxb1 27. Rxb1 Rb8 28. Rxb8 Qxb8 29. Nb6 fxe4 30. dxe4 h5 31. Bd2 Ng8 32. Bg5 Nf6 33. Qc6 Kg8 34. Bxf6 Bxf6 35. Nd7 Qb2+ 36. Kh3 Be7 37. Qxa6 Qf2 38. Qc4 Kg7 39. f4 exf4 40. Qc3+ Kh7 41. Nf6+ Bxf6 42. Qxf6 f3 43. Qf7+ Kh6 44. Qf8+ Kh7 45. Qf7+ Kh6 46. Qf4+ g5 47. Qxd6+ Kh7 48. Qe7+ Kg6 49. Qe8+ Kh6 50. Qf8+ Kg6 51. Qf5+ Kh6 52. Qf6+ Kh7 1/2-1/2

[Event "Wch U16 Girls"]
[Site "Chalkidiki"]
[Date "2003.10.27"]
[Round "5"]
[White "Tilenbaeva, Janyl"]
[Black "Kirillova, Varvara"]
[Result "1-0"]
[WhiteElo "2099"]
[BlackElo "2142"]
[PlyCount "97"]
[EventDate "2003.10.23"]
[EventType "swiss"]
[EventRounds "11"]
[EventCountry "GRE"]
[SourceTitle "EXT 2004"]
[Source "ChessBase"]
[SourceDate "2003.11.25"]
[SourceVersion "1"]
[SourceVersionDate "2003.11.25"]
[SourceQuality "1"]

1. e4 c5 2. Nf3 Nc6 3. Bb5 d6 4. c3 Bd7 5. 0-0 a6 6. Ba4 g6 7. d4 b5 8. Bc2 c4 9. b3 cxb3 10. axb3 Bg7 11. Bb2 Nf6 12. d5 Nb8 13. c4 0-0 14. e5 Ng4 15. Re1 bxc4 16. bxc4 e6 17. Na3 exd5 18. cxd5 dxe5 19. Nc4 Bb5 20. Ncxe5 Nf6 21. Ba3 Re8 22. d6 Ra7 23. Bb3 Nc6 24. d7 Rxe5 25. Nxe5 Nxe5 26. Rxe5 Rxd7 27. Qe1 Rd3 28. Rd1 Bf8 29. Rxd3 Qxd3 30. Re3 Qd7 31. Bxf8 Kxf8 32. Qb4+ Kg8 33. Re7 Nd5 34. Rxd7 Nxb4 35. Rxf7 Kh8 36. f4 Nc6 37. g4 Nd4 38. Bd5 Bd3 39. g5 h5 40. gxh6 a5 41. Kf2 Nf5 42. h7 a4 43. Ra7 Bc2 44. Bg8 Nd4 45. Ra8 Kg7 46. h8Q+ Kxh8 47. Bb3+ Kg7 48. Bxc2 Nxc2 49. Rxa4 1-0